000 00661nam a2200205Ii 4500
003 JO-AjNU
008 230605s9999||||xx |||||||||||||| ||und||
040 _aJO-AjNU
_bara
_erda
_cJO-AjNU
041 _aara
050 1 4 _aPJ769.N3.A17 2004
100 3 _aقدمة عبد الساتر،عباس,
_eauthor
_924873
245 0 0 _aديوان النابغة الذبياني
250 _aط1
264 3 1 _aبيروت: دار الكتب العلمية،2004
300 _a127ص
336 _atext
_btxt
_2rdacontent
337 _aunmediated
_bn
_2rdamedia
338 _avolume
_bnc
_2rdacarrier
650 4 _aديوان النابغة الذبياني-شعر
_924874
999 _aA9229
_c12797
_d12797